000 00811nas a2200265 4500
001 BR0900673
003 BR-BrBNA
005 20231205113055.0
007 ta
008 230509b bl.|||p| |||| 00| 00por d
040 _aBR-BrBNA
_bpor
_cBiblioteca Nacional de Agricultura
041 _a(Pt)
072 _aH10
100 1 _aRosa, D.D.
100 1 _aBasseto, M.A.
100 1 _aFeliciano, F.
100 1 _aNeves, M.B.
100 1 _aBaldin, E.L.L.
245 1 _aOcorrência de Dictyla monotropidia Stal (hemiptera: Tingidae)em Cordia verbenacea Al DC no Brasil.
650 _aPERCEVEJO
650 _aPLANTA MEDICINAL
773 0 _tNeotropical Entomology (Brazil)
_xISSN 1519-566X
_g(Mar-Apr 2008), v. 37(2) p. 236- 238
_wBR0900673
909 _a202311
_bLúcia
_c55
_dLúcia Elande
942 _2AGRIS
_n0
_cANA
999 _c201682
_d201682